| 000 | 00532nam a2200169 a 4500 | ||
|---|---|---|---|
| 001 | 5374 | ||
| 003 | CDMR | ||
| 005 | 20130228164331.0 | ||
| 008 | 130130s2001||||||||||||||||||||||||||||d | ||
| 020 | _a8445331868 | ||
| 040 |
_aCDMR _bcat _cCDMR |
||
| 111 | 2 |
_93020 _aOutono Fotográfico _cOurense _d2001 |
|
| 245 | 1 | 0 |
_aOutono Fotográfico 2001 _b: II Certame Galego de Imaxe Artística Xuventude 2001 Fotografía |
| 260 |
_aOurense _c2001 _bXunta de Galicia |
||
| 500 | _aCatàleg de les exposicions de l'edició de 2001 | ||
| 942 |
_cMON _2ddc |
||
| 999 |
_c5374 _d5374 |
||